| 000 | 01335nam a2200337 a 4500 | ||
|---|---|---|---|
| 001 | 0000020005 | ||
| 003 | CO-CtgCURN | ||
| 005 | 20260316205314.0 | ||
| 008 | 160627s2005 000 0 eng d | ||
| 020 | _a9586907414 | ||
| 040 |
_aCO-CtgCURN _bspa _ccoctgcurn |
||
| 082 | 0 |
_a345.861 _bC718 |
|
| 100 | 1 | _aArboleda Vallejo, Mario. | |
| 245 | 1 | 0 |
_aCódigo penal : _bley 599 de 2000 / _cMario Arboleda Vallejo. |
| 250 | _a23a ed. | ||
| 260 |
_aBogotá : _bLeyer, _c2005. |
||
| 300 |
_a490 p. + _e1 Cd - Rom. |
||
| 336 | _2rdacontent | ||
| 337 |
_2rdamedia _asin mediacion _bn |
||
| 338 |
_2rdacarrier _avolumen _bnc |
||
| 490 | 1 | _aColección códigos brevis | |
| 500 | _aIncluye indice. | ||
| 505 | 8 | _aDe las normas rectora de la ley penal colombiana.--De la aplicacion de la ley penal.--Aplicacion de la ley penal en el espacio.--De la conducta punible.--De las consecuencias juridicas de la conducta punible | |
| 650 | 0 |
_aPersonas desaparecidas _vLegislacion _zColombia. |
|
| 908 | _a160627 | ||
| 942 |
_cBK _h345.861 _iC718 _2ddc |
||
| 999 |
_c19480 _d19480 |
||